|
|
|
|
| LEADER |
00000nam a2200000 a 4500 |
| 001 |
vtls008963722 |
| 003 |
SK-MaSNL |
| 005 |
20260426005049.0 |
| 008 |
160610s2006 xo ol g 000 0 eng |
| 015 |
|
|
|a SNBA2007/08-03527
|
| 020 |
|
|
|a 9788089185252 (brož.)
|
| 035 |
|
|
|a 8CE1F194-453D-4A81-AFD6-CF19344716C3
|
| 035 |
|
|
|a urn:nbn:sk:snk-aml3iw
|
| 035 |
|
|
|a urn:nbn:sk:snk-am008k2r
|
| 040 |
|
|
|a SNK
|b slo
|c SNK
|e AACR2
|
| 041 |
0 |
|
|a eng
|
| 043 |
|
|
|a e-xo---
|
| 044 |
|
|
|a xo
|c SK
|
| 072 |
|
7 |
|a 378
|x Vysoké školy
|2 konspekt
|
| 080 |
|
|
|a 378
|2 2001
|
| 080 |
|
|
|a 364-78
|2 2001
|
| 080 |
|
|
|a (437.6)
|2 2001
|
| 080 |
|
|
|a (048.8)
|2 2001
|
| 245 |
0 |
4 |
|a The Department of Social Work
|b may 1991 may 2006
|c [editor: Daniela Klbiková]
|
| 250 |
|
|
|a 1st ed.
|
| 260 |
|
|
|a Bratislava
|b The Public Association Social Work
|c 2006
|
| 300 |
|
|
|a 72 s.
|b fotogr., tab.
|c 21 cm
|
| 366 |
|
|
|e 200 výtl.
|
| 500 |
|
|
|a Názov z obalu
|
| 504 |
|
|
|a Bibliogr. odkazy
|
| 610 |
2 |
7 |
|a Univerzita Komenského v Bratislave.
|b Pedagogická fakulta.
|b Katedra sociálnej práce
|2 SNKKA
|9 217994
|
| 648 |
|
7 |
|a 1991-2006
|2 SNKPH
|9 475021
|
| 650 |
0 |
7 |
|a vysoké školy
|2 SNKPH
|9 1277
|
| 650 |
0 |
7 |
|a sociálna práca
|2 SNKPH
|9 1550
|
| 651 |
|
7 |
|a Bratislava (Slovensko)
|2 SNKPH
|9 14568
|
| 655 |
|
7 |
|a prehľady
|2 SNKPH
|9 70194
|
| 700 |
1 |
|
|a Klbíková, Daniela
|4 edt
|9 646290
|
| 919 |
|
|
|a 978-80-89185-25-2
|
| 958 |
|
|
|a NB
|
| 958 |
|
|
|a OND
|
| 968 |
|
|
|d 37
|
| 999 |
|
|
|c 998633
|d 1000563
|
| 952 |
|
|
|a SNK
|b SNK
|y PREZ
|7 0
|p 17A0547866
|o snkSC 127562
|i snk2007/10052
|8 0
|0 0
|1 0
|4 0
|d 2007-04-13
|f 1
|l 0
|r 2025-06-16 00:00:00
|w 2026-02-24
|
| 952 |
|
|
|a SNK
|b SNK
|y VYP
|7 0
|p 17A0547865
|o snkSC 127562 D1
|i snk2007/10053
|8 0
|0 0
|1 0
|4 0
|d 2007-04-13
|l 0
|r 2026-02-24 12:11:05
|w 2026-02-24
|